000 00332cam a22001337a 4500
008 180718b2014 xxu||||| |||| 00| 0 eng d
020 _a9788184843262
082 _aR78x54 P79
100 _aPoonia, R.S.
245 _aArbitration in practice
_cby R.S. Poonia
260 _aNew Delhi
_bRegal
_c2014
300 _a248p.
650 _aLaw
999 _c443875
_d443875